| 000 | 00747nas a2200241 4500 | ||
|---|---|---|---|
| 001 | BR9002328 | ||
| 003 | BR-BrBNA | ||
| 005 | 20231205091851.0 | ||
| 007 | ta | ||
| 008 | 230509b bl.|||p| |||| 00| 00por d | ||
| 040 |
_aBR-BrBNA _bpor _cBiblioteca Nacional de Agricultura |
||
| 041 | _a(Pt) | ||
| 072 | _aF62; E16 | ||
| 100 | 1 | _aPinheiro, B. da S. | |
| 100 | 1 | _aGuimaraes, E.P. | |
| 245 | 1 | _aIndice de area foliar e produtividade do arroz de sequeiro. 1: niveis limitantes | |
| 650 | _aARROZ SEQUEIRO | ||
| 650 | _aFOLHA | ||
| 650 | _aPRODUTIVIDADE | ||
| 773 | 0 |
_tPesquisa Agropecuaria Brasileira (Brazil) _xISSN 0100-204X _g(Jun 1990), v. 25(6) p. 863-872 _wBR9002328 |
|
| 909 |
_a202311 _bLúcia _c55 _dLúcia Elande |
||
| 942 |
_2AGRIS _n0 _cANA |
||
| 999 |
_c127844 _d127844 |
||